=LDR 00000nam 2200000 4500 =001 INLIS000000000034712 =990 ##$$a 21009107 =005 20240423021248 =990 ##$$a 91603/BPAP-NTB/2014 =035 ##$$a 0010-061300000034712 =990 ##$$a 0001/BPAP-NTB/2016 =008 240423###########################0#ind## =041 ##$$a ind =082 ##$$a 028.5 =090 ##$$a 028.5, Ali,r =100 ##$$a Aliyatunnuha,Qonita =245 1#$$a Raksasa Kesepian /$c Qonita Aliyatunnuha;Penyunting,Dadan R =250 ##$$a Kecil-Kecil punya Karya =260 ##$$a Bandung :$b Dar Mizan,$c 2009 =300 ##$$a 134 hlm., : $b Illus., ; $c 21 cm =650 #4$$a Bacaan Kanak-Kanak =700 #$$a Dadan R =850 ##$$a NBPNMAT =020 ##$$a 9789-979-066-042-7 =084 ##$$a 028.5 ALI r =990 ##$$a 91603/BPAP-NTB/2014 =990 ##$$a 0001/BPAP-NTB/20142015 =990 ##$$a 0001/BPAP-NTB/2016 =990 ##$$a 0001/BPAP-NTB/20142015 =990 ##$$a 91603/BPAP-NTB/2014 =990 ##$$a 0001/BPAP-NTB/2016